000 01295nam0a22003851 4500
001 RU\NLR\A1SV\16296
005 20251203171251.9
035 _a(NLR Aleph) 009701522
090 _a9787704
_c9787704
100 _a19991012d1925 u y0rusy50 ca
101 0 _arus
102 _aRU
200 1 _aПеристые облака, как признак предстоящей погоды
_fА.Ф.Вангенгейм
210 _aЛ.
_cТип. Гл. геофиз. обсерват.
_d1925
215 _a31 с., [2] л. ил.
_cчерт.
_d23 см
225 _aСер. попул. изд. по геофизике
_fГл. геофиз. обсерватория
_vN 1
311 _aПрил. к журн.: Климат и погода
620 _dСанкт-Петербург
700 1 _7ca
_8rus
_aВангенгейм
_bА. Ф.
_f1881-1937
_gАлексей Феодосьевич
_9214196
_3RU\NLR\AUTH\770214252
801 0 _aRU
_bNLR
_c19991012
852 _aNLR
_j34/3029
899 _aБАН
899 _aНБЛ КГУ
899 _aВСИАХМЗ
899 _aМГУ
899 _aNLG
899 _aНБ РКаз.
899 _aРКП
899 _aРГБ
899 _aНБ РС
_z(Я)
899 _aНБ Бел.
942 _cBOOK
980 _aNB
980 _aA1SV